000 00277nam a22001337a 4500
008 170728b xxu||||| |||| 00| 0 eng d
020 _a9780132203661
041 _aeng
080 _21ST
_a004
100 _a31
101 _aSHK
245 _aGO!
_cGASKIN,SH
942 _2udc
_cBK
999 _c22113
_d22113